The Curtain Book : (Record no. 587618)
[ view plain ]
| 000 -LEADER | |
|---|---|
| fixed length control field | 00456nam a22001457a 4500 |
| 020 ## - INTERNATIONAL STANDARD BOOK NUMBER | |
| International Standard Book Number | 9780821221945 |
| 040 ## - CATALOGING SOURCE | |
| Transcribing agency | NUST |
| 082 ## - DEWEY DECIMAL CLASSIFICATION NUMBER | |
| Classification number | 747.5 CLI |
| 100 ## - MAIN ENTRY--PERSONAL NAME | |
| Personal name | Clifton-Mogg, Caroline |
| 9 (RLIN) | 88788 |
| 110 ## - MAIN ENTRY--CORPORATE NAME | |
| Corporate name or jurisdiction name as entry element | Paine, Melanie |
| 9 (RLIN) | 88408 |
| 245 ## - TITLE STATEMENT | |
| Title | The Curtain Book : |
| Remainder of title | A Sourcebook For Distinctive Curtains, Drapes, and Shades For Your Home |
| 260 ## - PUBLICATION, DISTRIBUTION, ETC. | |
| Place of publication, distribution, etc. | Boston: |
| Name of publisher, distributor, etc. | Bulfinch Press |
| Date of publication, distribution, etc. | 1988. |
| 650 ## - SUBJECT ADDED ENTRY--TOPICAL TERM | |
| Topical term or geographic name entry element | Draperies in interior decoration. |
| 9 (RLIN) | 88791 |
| 942 ## - ADDED ENTRY ELEMENTS (KOHA) | |
| Source of classification or shelving scheme | |
| Koha item type | Book |
| Withdrawn status | Lost status | Source of classification or shelving scheme | Damaged status | Not for loan | Permanent Location | Current Location | Shelving location | Date acquired | Total Checkouts | Full call number | Barcode | Date last seen | Price effective from | Koha item type |
|---|---|---|---|---|---|---|---|---|---|---|---|---|---|---|
| College of Electrical & Mechanical Engineering (CEME) | College of Electrical & Mechanical Engineering (CEME) | General Stacks | 01/14/2022 | 747.5 CLI | CEME-50565 | 01/14/2022 | 01/14/2022 | Book |
